000 00292nam a2200121Ia 4500
008 190216s9999||||xx |||||||||||||| ||und||
100 _aLekhi R K
245 0 _aEconomics Of Development And Planning
260 _bKalyani Publisher
_c2001
300 _a285p
650 _aEcology
942 _cBK
999 _c10534
_d10534